LEADER 01082nam--2200385---450- 001 990003561890203316 005 20110908122752.0 010 $a3-484-50302-5 035 $a000356189 035 $aUSA01000356189 035 $a(ALEPH)000356189USA01 035 $a000356189 100 $a20110908d1990----km-y0itay50------ba 101 $afre 102 $aDE 105 $a||||||||001yy 200 1 $aDu latin aux langues romanes$eétudes de linguistique historique$fJózsef Herman$gréunis par Sandor Kiss$gavec une préface de Jacques Monfrin 210 $aTübingen$cNiemeyer$d1990 215 $aVI,392 p.$d24 cm 410 0$12001 454 1$12001 461 1$1001-------$12001 606 0 $aLinguistica 676 $a410 700 1$aHERMAN,$bJózsef$0402522 702 1$aKISS,$bSandor 702 $aMONFRIN,$bJacques 801 0$aIT$bsalbc$gISBD 912 $a990003561890203316 951 $aSG 15$b2926 DSA 959 $aBK 969 $aDSA 979 $aDSA$b90$c20110908$lUSA01$h1227 996 $aDu latin aux langues romanes$9488667 997 $aUNISA